000 00715nam a2200217 i 4500
001 115201
003 ES-MaACL
005 20251011063124.0
007 t|
008 070226s1909 sp ||||1| spa d
080 _a821.134.2-32"18"
100 1 _aCavestany, Juan Antonio,
_d1861-1924
_937192
245 1 3 _aLa niña de los rubíes
_b: novela /
_cpor Juan A. Cavestany ; ilustraciones de Santana Bonilla.
260 _aMadrid :
_bEl Cuento Semanal,
_c1909.
300 _a20 p. :
_bil. ;
_c26 cm.
490 1 _aEl cuento semanal ;
_v133
700 1 _aSantana Bonilla
_c, ilustrador.
_9103328
830 0 3 _aEl cuento semanal
_v133
_9185957
852 _aES-MaACL
_jG-4444(3)
999 _c115201
_d115201